|
|
|
|
| LEADER |
00000cam a2200000 i 4500 |
| 001 |
1/85165 |
| 008 |
960910m19811988 gre d |
| 035 |
|
|
|a 1992
|b 1
|c Αγνωστοπούλου
|l 10034629
|
| 040 |
|
|
|a GR-MY-UA
|b gre
|e aacr
|
| 041 |
0 |
|
|a gre
|
| 082 |
0 |
|
|a 889.3
|
| 100 |
1 |
|
|a Παπαδιαμάντης, Αλέξανδρος,
|d 1851-1911.
|
| 245 |
1 |
0 |
|a Άπαντα /
|c Αλέξανδρος Παπαδιαμάντης
|
| 260 |
|
|
|a Αθήνα :
|b Δόμος,
|c 1981-1988
|
| 300 |
|
|
|a 5 τ.
|
| 500 |
|
|
|a 1η επανέκδοση, με διόρθωση τυπογραφικών παροραμάτων, Αθήνα 1989
|
| 650 |
0 |
0 |
|a Greek fiction, Modern
|x Literary collections.
|
| 852 |
|
|
|a INST
|b RHODES
|e 19960910
|h 889.3 ΠΑΠ
|p 005400008178
|q 005400008178
|t BK
|y 0
|z τ.5
|
| 852 |
|
|
|a INST
|b RHODES
|e 19960910
|h 889.3 ΠΑΠ
|p 005400008180
|q 005400008180
|t BK
|y 0
|z τ.4
|
| 852 |
|
|
|a INST
|b RHODES
|e 19960910
|h 889.3 ΠΑΠ
|p 005400008184
|q 005400008184
|t BK
|y 0
|z τ.3
|
| 852 |
|
|
|a INST
|b RHODES
|e 19960910
|h 889.3 ΠΑΠ
|p 005400008185
|q 005400008185
|t BK
|y 0
|z τ.2
|
| 852 |
|
|
|a INST
|b RHODES
|e 19960910
|h 889.3 ΠΑΠ
|p 005400008186
|q 005400008186
|t BK
|y 0
|z τ.1
|
| 852 |
|
|
|a INST
|b RHODES
|e 19960910
|h 889.3 ΠΑΠ
|p 005400008178
|q 005400008178
|t BK
|v τ.5:
|y 0
|z τ.5
|
| 852 |
|
|
|a INST
|b RHODES
|e 19960910
|h 889.3 ΠΑΠ
|p 005400008180
|q 005400008180
|t BK
|v τ.4:
|y 0
|z τ.4
|
| 852 |
|
|
|a INST
|b RHODES
|e 19960910
|h 889.3 ΠΑΠ
|p 005400008184
|q 005400008184
|t BK
|v τ.3:
|y 0
|z τ.3
|
| 852 |
|
|
|a INST
|b RHODES
|e 19960910
|h 889.3 ΠΑΠ
|p 005400008185
|q 005400008185
|t BK
|v τ.2:
|y 0
|z τ.2
|
| 852 |
|
|
|a INST
|b RHODES
|e 19960910
|h 889.3 ΠΑΠ
|p 005400008186
|q 005400008186
|t BK
|v τ.1:
|y 0
|z τ.1
|
| 853 |
|
|
|a INST
|b RHODES
|h 889.3 ΠΑΠ
|
| 970 |
|
|
|a ΧΟΡΟΖΙΔΟΥ
|b ΤΖΕΝΗ
|z 2000/02/16
|